[Event "Warsaw AIG Life rapid 9th"]
[Site "Warsaw"]
[Date "2009.12.19"]
[Round "1"]
[White "Waruga, Michal"]
[Black "Malakhov, Vladimir"]
[Result "0-1"]
[WhiteElo "1887"]
[BlackElo "2706"]
[PlyCount "53"]
[EventDate "2009.12.19"]
[EventType "swiss (rapid)"]
[EventRounds "13"]
[EventCountry "POL"]
[SourceTitle "CBM 133 Extra"]
[Source "ChessBase"]
[SourceDate "2010.01.05"]
[SourceVersion "1"]
[SourceVersionDate "2010.01.05"]
[SourceQuality "1"]

1. e4 c5 2. Nf3 Nc6 3. d4 cxd4 4. Nxd4 Nf6 5. Nc3 d6 6. Be2 g6 7. 0-0 Bg7 8. Be3 0-0 9. Kh1 Bd7 10. f4 Rc8 11. f5 Ne5 12. Rb1 a6 13. a3 b5 14. Qe1 h6 15. Qg3 g5 16. h4 g4 17. Bf4 Nh5 18. Qe3 Kh7 19. Nb3 e6 20. fxe6 Qxh4+ 21. Kg1 fxe6 22. g3 Qh3 23. Rf2 Nxf4 24. Rxf4 Rxf4 25. Qxf4 Rf8 26. Qe3 Nf3+ 27. Kf2 0-1

[Event "Rewal op-B 14th"]
[Site "Rewal"]
[Date "2009.08.26"]
[Round "6"]
[White "Waruga, Michal"]
[Black "Mockun, Dawid"]
[Result "1-0"]
[WhiteElo "1882"]
[BlackElo "1627"]
[PlyCount "55"]
[EventDate "2009.08.20"]
[EventType "swiss"]
[EventRounds "9"]
[EventCountry "POL"]
[SourceTitle "EXT 2011"]
[Source "ChessBase"]
[SourceDate "2010.11.26"]
[SourceVersion "1"]
[SourceVersionDate "2010.11.26"]
[SourceQuality "1"]

1. e4 e5 2. Nf3 Nc6 3. d4 exd4 4. Bc4 h6 5. Nxd4 Nxd4 6. Qxd4 Qf6 7. Qd3 d6 8. Nc3 c6 9. 0-0 Ne7 10. b4 Ng6 11. f4 Be7 12. e5 Qf5 13. Qd4 d5 14. Bd3 Qg4 15. h3 Qe6 16. Ne2 c5 17. bxc5 Qc6 18. Be3 b6 19. cxb6 axb6 20. Qb2 Bd7 21. Nd4 Qc7 22. e6 Bc8 23. Nf5 Bf6 24. Nxg7+ Bxg7 25. Qxg7 Rf8 26. exf7+ Ke7 27. Bxg6 Be6 28. Bd4 1-0

[Event "Rewal op-B 14th"]
[Site "Rewal"]
[Date "2009.08.21"]
[Round "2"]
[White "Waruga, Michal"]
[Black "Polok, Kacper"]
[Result "0-1"]
[WhiteElo "1882"]
[BlackElo "2034"]
[PlyCount "66"]
[EventDate "2009.08.20"]
[EventType "swiss"]
[EventRounds "9"]
[EventCountry "POL"]
[SourceTitle "EXT 2011"]
[Source "ChessBase"]
[SourceDate "2010.11.26"]
[SourceVersion "1"]
[SourceVersionDate "2010.11.26"]
[SourceQuality "1"]

1. e4 c5 2. c3 d5 3. exd5 Qxd5 4. d4 cxd4 5. cxd4 Nc6 6. Nf3 e5 7. Nxe5 Bb4+ 8. Bd2 Bxd2+ 9. Qxd2 Nxd4 10. Nc4 Bf5 11. Ne3 Qe5 12. Na3 Rd8 13. Qb4 Ne7 14. Bb5+ Nec6 15. 0-0 Nxb5 16. Qxb5 Qxb5 17. Nxb5 Bd3 18. Nc7+ Kd7 19. Ncd5 Bxf1 20. Kxf1 Kc8 21. Rc1 Kb8 22. b4 Rd7 23. b5 Nd4 24. a4 Rhd8 25. Nb4 Nb3 26. Rc3 Nd2+ 27. Ke1 Rd4 28. Nec2 Ne4 29. Rf3 Rd1+ 30. Ke2 f6 31. h3 R1d6 32. Re3 f5 33. g3 Rd2+ 0-1

[Event "Pszczyna op"]
[Site "Pszczyna"]
[Date "2009.07.18"]
[Round "8"]
[White "Waruga, Michal"]
[Black "Walach, Marcin"]
[Result "0-1"]
[WhiteElo "1882"]
[BlackElo "2384"]
[PlyCount "42"]
[EventDate "2009.07.14"]
[EventType "swiss"]
[EventRounds "9"]
[EventCountry "POL"]
[SourceTitle "CBM 131 Extra"]
[Source "ChessBase"]
[SourceDate "2009.09.03"]
[SourceVersion "2"]
[SourceVersionDate "2009.09.16"]
[SourceQuality "1"]

1. e4 e5 2. Nf3 Nc6 3. d4 exd4 4. Bc4 Bc5 5. 0-0 Nf6 6. e5 d5 7. Bb5 Ne4 8. Nxd4 0-0 9. Nxc6 bxc6 10. Bd3 Qh4 11. Qe1 Bd4 12. c3 Bxe5 13. f4 Qxe1 14. Rxe1 Bd6 15. Bxe4 dxe4 16. Rxe4 Bf5 17. Re1 Bc5+ 18. Kh1 Rfe8 19. Bd2 Bf2 20. Re5 Rxe5 21. fxe5 Rd8 0-1

[Event "Pszczyna op"]
[Site "Pszczyna"]
[Date "2009.07.14"]
[Round "1"]
[White "Gola, Karol"]
[Black "Waruga, Michal"]
[Result "1-0"]
[WhiteElo "2195"]
[BlackElo "1882"]
[PlyCount "57"]
[EventDate "2009.07.14"]
[EventType "swiss"]
[EventRounds "9"]
[EventCountry "POL"]
[SourceTitle "CBM 131 Extra"]
[Source "ChessBase"]
[SourceDate "2009.09.03"]
[SourceVersion "2"]
[SourceVersionDate "2009.09.16"]
[SourceQuality "1"]

1. e4 e6 2. d4 d5 3. exd5 exd5 4. Nf3 Nf6 5. c4 Bb4+ 6. Nc3 0-0 7. Be2 Bg4 8. 0-0 Nc6 9. c5 Bxc3 10. bxc3 Ne4 11. Qc2 Re8 12. Be3 Ne7 13. Rfe1 Ng6 14. h3 Bxf3 15. Bxf3 c6 16. Rab1 b5 17. cxb6 axb6 18. c4 Ra6 19. cxd5 cxd5 20. Rb5 f5 21. Qb3 Ne7 22. Rb1 Qa8 23. Rxb6 Rxb6 24. Qxb6 Qxa2 25. Qe6+ Kf8 26. Rb7 Nf6 27. Bg5 Qa1+ 28. Kh2 Qxd4 29. Bh5 1-0